| 000 | 01294nam a2200253 a 4500 | ||
|---|---|---|---|
| 001 | 38773 | ||
| 003 | BD-RjUL | ||
| 005 | 20211209052846.0 | ||
| 008 | 160224s1988 bg ado|g |||| 001 0 ben d | ||
| 035 | _a(BD-RjUL)38882 | ||
| 040 |
_aBD-RjUL _bben _cBD-RjUL |
||
| 041 | _aben | ||
| 082 | 0 | 4 |
_223 _a530 _bREP 1988 |
| 100 | 1 |
_aরেসনিক, রবার্ট _9734 |
|
| 245 | 1 | 0 |
_aপদার্থ বিদ্যা / _cরবার্ট রেসনিক এবং ডেভিড হ্যালিডে সম্পাদক অধ্যাপক অজয় রায়., অনুবাদক ডঃ অজয় রায়, ডঃ র. ই. ম. আমিনুর রশীদ, ডঃ মেসবাহউদ্দিন আহমদ, ডঃ শাজাহান তপন, ড. রানা চৌধুরী |
| 260 |
_aঢাকা : _bবাংলা একাডেমী, _c১৯৮৮ |
||
| 300 |
_a খন্ড : _bচিত্র ; _c২২ সেমি. |
||
| 500 | _aনির্ঘন্ট ও পরিভাষা সংযুক্ত । | ||
| 505 | _aখন্ড ২-- | ||
| 650 |
_aপদার্থবিদ্যা _9119499 |
||
| 650 |
_aPhysics _9119613 |
||
| 700 | 1 |
_aহ্যালিডে, ডেভিড. _9738 |
|
| 942 |
_2ddc _cBK _03 |
||
| 999 |
_c38773 _d38773 |
||